The economic value of biodiversity / (Record no. 15360)

000 -LEADER
fixed length control field 00616cam a2200217 a 4500
020 ## - INTERNATIONAL STANDARD BOOK NUMBER
ISBN 1853831956 (pbk.)
020 ## - INTERNATIONAL STANDARD BOOK NUMBER
ISBN 1853832251 (hardback)
040 ## - CATALOGING SOURCE
Transcribing agency DJBF
082 00 - DEWEY DECIMAL CLASSIFICATION NUMBER
Classification number 333 EAR 1994 A076 Or.
100 1# - MAIN ENTRY--AUTHOR NAME
Personal name Pearce, David W.
245 14 - TITLE STATEMENT
Title The economic value of biodiversity /
260 ## - PUBLICATION, DISTRIBUTION, ETC. (IMPRINT)
Place of publication London :
Name of publisher Earthscan,
Year of publication 1994.
300 ## - PHYSICAL DESCRIPTION
Number of Pages xii, 172 p. :
Other physical details ill. ;
Dimensions 23 cm.
650 #0 - SUBJECT ADDED ENTRY--TOPICAL TERM
Topical Term Biodiversity conservation
650 #0 - SUBJECT ADDED ENTRY--TOPICAL TERM
Topical Term Nature conservation
650 #0 - SUBJECT ADDED ENTRY--TOPICAL TERM
Topical Term Biodiversity
650 #0 - SUBJECT ADDED ENTRY--TOPICAL TERM
Topical Term Conservation of natural resources.
700 1# - ADDED ENTRY--PERSONAL NAME
Personal name Moran, Dominic.
710 2# - ADDED ENTRY--CORPORATE NAME
Corporate name or jurisdiction name as entry element IUCN Biodiversity Programme.
942 ## - ADDED ENTRY ELEMENTS (KOHA)
Koha item type សៀវភៅភាសាអង់គ្លេស
952 ## - LOCATION AND ITEM INFORMATION (KOHA)
Withdrawn status [LOCAL, KOHA] 0
Holdings
Permanent Location Date acquired Koha item type Lost status Shelving location Barcode Current Location Full call number
Library Block A2017-11-20សៀវភៅភាសាអង់គ្លេស A076A05951Library Block A333 EAR 1994 A076 Or.
មជ្ឈមណ្ឌលឯការនៃសាកលវិទ្យាល័យភូមិន្ទកសិកម្មចំការដូង

Powered by Koha